Enterprise mobility from app management to threat mitigation : (Record no. 100037)

MARC details
000 -LEADER
fixed length control field 00721nam a22002177a 4500
005 - DATE AND TIME OF LATEST TRANSACTION
control field 20160601105529.0
010 ## - LCCN (DPL NO)
LC control number ENG-115129
020 ## - INTERNATIONAL STANDARD BOOK NUMBER
International Standard Book Number 9788120352001
Terms of availability 395.00
035 ## - SYSTEM CONTROL NUMBER
System control number EN-98661
037 ## - SOURCE OF ACQUISITION
Source of stock number/acquisition DBAD/PUB
082 ## - DEWEY DECIMAL CLASSIFICATION NUMBER
Classification number 004.165
100 ## - MAIN ENTRY--PERSONAL NAME
Personal name Diogenes, Yuri
245 ## - TITLE STATEMENT
Title Enterprise mobility from app management to threat mitigation :
Statement of responsibility, etc by Yuri Diogenes, Jeff Gilbert [and] Robert Mazzoli
Remainder of title beyond byod
260 ## - PUBLICATION, DISTRIBUTION, ETC. (IMPRINT)
Place of publication, distribution, etc Delhi
Name of publisher, distributor, etc PHI Learning
Date of publication, distribution, etc 2016
270 ## - ADDRESS
Address Rimjhim House, 111, Patparganj Industrial Estate
City Delhi
Postal code 110092
300 ## - PHYSICAL DESCRIPTION
Extent xv,194p. :
Dimensions 24cm(pbk)
Other physical details ill.
500 ## - GENERAL NOTE
General note Includes index
700 ## - ADDED ENTRY--PERSONAL NAME
Personal name Gilbert, Jeff
700 ## - ADDED ENTRY--PERSONAL NAME
Personal name Mazzoli, Robert
942 ## - ADDED ENTRY ELEMENTS (KOHA)
Source of classification or shelving scheme Dewey Decimal Classification
Item type English Books
Call number suffix DIO
Classification part 004.165
Holdings
Withdrawn status Lost status Not for loan Collection code Home library Current library Date acquired Source of acquisition Cost, normal purchase price Full call number Barcode Copy number Cost, replacement price Koha item type
    Not For Loan Non-fiction D.B.Act.Division Bawana 23/05/2016 DBAD/PUB 395.00 004.165 DIO EN-98661 1 395.00 English Books

© Delhi Public Library
Hit Counter
free hit counter